Statistics for Most Populous Countries by Sport

Click here to take the quiz!

General Stats

  • This quiz has been taken 58 times
  • The average score is 9 of 14

Answer Stats

HintAnswer% Correct
CricketIndia
100%
American FootballUnited States
98%
Australian Rules FootballAustralia
98%
Ice HockeyCanada
95%
BasketballChina
93%
BaseballJapan
89%
Football | SoccerIndonesia
50%
ArcheryBhutan
41%
AthleticsJamaica
41%
MotorsportMonaco
39%
ChessArmenia
36%
WrestlingMongolia
36%
Rugby UnionPapua New Guinea
23%
Rugby LeagueMadagascar
20%

Score Distribution

Percentile by Number Answered

Percent of People with Each Score

Your Score History

You have not taken this quiz